00349nam a2200133Ia 4500008004100000020001400041050002600055245003100081260003300112300001100145650001200156980003000168999001700198151021s9999 xx 000 0 und d a446618306 aPS 3569 .J363R4 2006  a_Dear you Nicholas Sparks  aNew York Grand central 2006  a335p.  a_Novel  a^d20130211 10:27:40^oanne c12856d12856